MARC details
| 000 -LEADER |
| fixed length control field |
01671nam a22004095i 4500 |
| 001 - CONTROL NUMBER |
| control field |
80000 |
| 003 - CONTROL NUMBER IDENTIFIER |
| rucl marc code |
BD-RjUL |
| 005 - DATE AND TIME OF LATEST TRANSACTION |
| control field |
20220620154935.0 |
| 008 - FIXED-LENGTH DATA ELEMENTS--GENERAL INFORMATION |
| fixed length control field |
220620s2019 nyu|||| s |||| 0|eng d |
| 020 ## - INTERNATIONAL STANDARD BOOK NUMBER |
| International Standard Book Number |
9781493998289 |
| 035 ## - SYSTEM CONTROL NUMBER |
| System control number |
(BD-RjUL)80000 |
| 040 ## - CATALOGING SOURCE |
| Original cataloging agency |
OBC |
| Language of cataloging |
eng |
| Transcribing agency |
BD-RjUL |
| 041 0# - LANGUAGE CODE |
| Language code of text/sound track or separate title |
eng |
| 082 04 - DEWEY DECIMAL CLASSIFICATION NUMBER |
| Edition number |
23 |
| Classification number |
614.4015118 |
| Author mark and year |
BRM 2019 |
| 100 1# - MAIN ENTRY--PERSONAL NAME |
| Personal name |
Brauer, Fred |
| Relator term |
author. |
| Relator code |
aut |
| 9 (RLIN) |
3744 |
| 245 10 - TITLE STATEMENT |
| Title |
Mathematical Models in Epidemiology / |
| Statement of responsibility, etc. |
by Fred Brauer, Carlos Castillo-Chavez, Zhilan Feng. |
| 250 ## - EDITION STATEMENT |
| Edition statement |
1st ed. |
| 260 ## - PUBLICATION, DISTRIBUTION, ETC. (IMPRINT) |
| Place of publication, distribution, etc. |
New York, NY : |
| Name of publisher, distributor, etc. |
Springer, |
| Date of publication, distribution, etc. |
© 2019. |
| 264 #1 - PRODUCTION, PUBLICATION, DISTRIBUTION, MANUFACTURE, AND COPYRIGHT NOTICE |
| Name of producer, publisher, distributor, manufacturer |
New York, NY : |
| Date of production, publication, distribution, manufacture, or copyright notice |
2019. |
| 300 ## - PHYSICAL DESCRIPTION |
| Pagination |
XVII, 619 p. : |
| Illustrations |
ill. |
| Size of unit |
24 cm. |
| 490 1# - SERIES STATEMENT |
| Series statement |
Texts in Applied Mathematics, |
| Volume/sequential designation |
69 |
| 650 #0 - SUBJECT ADDED ENTRY--TOPICAL TERM |
| Topical term or geographic name as entry element |
Epidemiology |
| General subdivision |
Mathematical models |
| 9 (RLIN) |
3754 |
|
| Topical term or geographic name as entry element |
Biomathematics. |
| 9 (RLIN) |
3745 |
|
| Topical term or geographic name as entry element |
Probabilities. |
| 9 (RLIN) |
3746 |
|
| Topical term or geographic name as entry element |
Mathematical models. |
|
| Topical term or geographic name as entry element |
Physiological, Cellular and Medical Topics. |
| Authority record control number |
http://scigraph.springernature.com/things/product-market-codes/M31020 |
| 9 (RLIN) |
3747 |
|
| Topical term or geographic name as entry element |
Probability Theory and Stochastic Processes. |
| Authority record control number |
http://scigraph.springernature.com/things/product-market-codes/M27004 |
| 9 (RLIN) |
3748 |
|
| Topical term or geographic name as entry element |
Mathematical Modeling and Industrial Mathematics. |
| Authority record control number |
http://scigraph.springernature.com/things/product-market-codes/M14068 |
| 9 (RLIN) |
3749 |
| 653 ## - INDEX TERM--UNCONTROLLED |
| Uncontrolled term |
Electronic book (Format) |
| 690 ## - LOCAL SUBJECT ADDED ENTRY--TOPICAL TERM (OCLC, RLIN) |
| Topical term or geographic name as entry element |
Mathematics and Statistics (Springer-11649) |
| 700 1# - ADDED ENTRY--PERSONAL NAME |
| Personal name |
Castillo-Chávez, Carlos |
| Relator term |
author. |
|
| Personal name |
Feng, Zhilan. |
| Relator term |
author. |
| 776 08 - ADDITIONAL PHYSICAL FORM ENTRY |
| Relationship information |
Printed edition: |
| International Standard Book Number |
9781493998265 |
|
| Relationship information |
Printed edition: |
| International Standard Book Number |
9781493998272 |
| 830 #0 - SERIES ADDED ENTRY--UNIFORM TITLE |
| Uniform title |
Texts in Applied Mathematics ; |
| Volume number/sequential designation |
69 |
| 942 ## - ADDED ENTRY ELEMENTS (KOHA) |
| Source of classification or shelving scheme |
Dewey Decimal Classification |
| Koha item type |
Books |